| 000 | 00326nam a22001337a 4500 | ||
|---|---|---|---|
| 003 | SGT | ||
| 082 |
_a511.5 _bDEO |
||
| 100 | _aDEO, NARSINGH | ||
| 245 | _aGRAPH THEORY WITH APPLICATIONS TO ENGINEERING AND COMPUTER SCIENCE | ||
| 260 |
_aDELHI _bPHI _c2021 |
||
| 300 | _a478 | ||
| 650 | _aCOMPUTER SCIENCE | ||
| 942 |
_2ddc _cBK |
||
| 999 |
_c22263 _d22263 |
||